KOHA-Header-6

Facts About Germany (Record no. 10629)

000 -LEADER
fixed length control field 00257nam a2200109Ia 4500
100 ## - MAIN ENTRY--AUTHOR NAME
Personal name Peter Hintereder
245 #0 - TITLE STATEMENT
Title Facts About Germany
260 ## - PUBLICATION, DISTRIBUTION, ETC. (IMPRINT)
Place of publication New York
Name of publisher Workman
Year of publication 2000
300 ## - PHYSICAL DESCRIPTION
Number of Pages 411
942 ## - ADDED ENTRY ELEMENTS (KOHA)
Koha item type Books

No items available.

Powered by Koha